Normal view
MARC view
- tragedies
Entry Topical Term
001 - CONTROL NUMBER
- control field: 5565
003 - CONTROL NUMBER IDENTIFIER
- control field: JO-AjAnu
005 - DATE AND TIME OF LATEST TRANSACTION
- control field: 20230606071214.0
008 - FIXED-LENGTH DATA ELEMENTS
- fixed length control field: 230606|| aca||aabn | a|a d
040 ## - CATALOGING SOURCE
- Original cataloging agency: JO-AjAnu
- Transcribing agency: JO-AjAnu
150 ## - HEADING--TOPICAL TERM
- Topical term or geographic name entry element: tragedies
670 ## - SOURCE DATA FOUND
- Source citation: Work cat.: (JO-AjAnu)2877: Harbage, Alfred (editor), author 5564, shakespare the tragdies :A Collection Of Critical Essays